Tactical missile aerodynamics: prediction methodology (Record no. 301275)

000 -LEADER
fixed length control field 00345 a2200133 4500
001 - CONTROL NUMBER
control field 66202
082 ## - DEWEY DECIMAL CLASSIFICATION NUMBER
Classification number 623.4519 MEN
090 ## - LOCALLY ASSIGNED LC-TYPE CALL NUMBER (OCLC); LOCAL CALL NUMBER (RLIN)
-- 38491
-- 38491
100 ## - MAIN ENTRY--PERSONAL NAME
Personal name Mendenhall Michael R.
245 ## - TITLE STATEMENT
Title Tactical missile aerodynamics: prediction methodology
Number of part/section of a work Vol-142
250 ## - EDITION STATEMENT
Edition statement 2
260 ## - PUBLICATION, DISTRIBUTION, ETC.
Place of publication, distribution, etc. Washington DC
Name of publisher, distributor, etc. AIAA
Date of publication, distribution, etc. 1992
300 ## - PHYSICAL DESCRIPTION
Extent xxi, 766p.
942 ## - ADDED ENTRY ELEMENTS (KOHA)
Institution code [OBSOLETE] NUST-CAE
Call number prefix 623.4519 MEN
Holdings
Withdrawn status Lost status Damaged status Not for loan Collection code Permanent Location Current Location Date acquired Total Checkouts Full call number Barcode Date last seen Price effective from Koha item type
          College of Aeronautical Engineering (CAE) College of Aeronautical Engineering (CAE) 04/03/2017   623.4519 MEN CAEN-802 04/05/2017 04/05/2017 Book
© 2023 Central Library, National University of Sciences and Technology. All Rights Reserved.